000 02024cam a22002294a 4500
005 20250605163944.0
008 250528s ||||||||||||||||||||||||d
035 _a15150
020 _a71540067
040 _aGR-AtMCL
_bgre
_dGR-AtMCL
_eAACR2
245 1 _aInternational Business / The Challenge of Global Competition: Seventh Edition
250 _a7th
260 _bMcgraw Hill Book Company,
_c1999
300 _a676
505 0 _aThe Rapid Change of Global Business, Trading and Investing in International Business, Economic Theories of International Business, The Dynamic of International Organizations, Understanding the International Monetary System, Financial Forces: Influencing International Business, Economic and Socioeconomic Forces, Physical and Environmental Forces, Sociocultural Forces, Political Forces, Legal Forces, Labor Forces, Competitive and Distributive Forces, Assessing and Analyzing Markets, Marketing Internationally, Export and Import Practices, Human Resource Management, Financial Management, Global Operations Management: The Third Industrial Revolution, Strategic Planning and Organization Design and Control of the Firm.
520 _aThe Rapid Change of Global Business, Trading and Investing in International Business, Economic Theories of International Business, The Dynamic of International Organizations, Understanding the International Monetary System, Financial Forces: Influencing International Business, Economic and Socioeconomic Forces, Physical and Environmental Forces, Sociocultural Forces, Political Forces, Legal Forces, Labor Forces, Competitive and Distributive Forces, Assessing and Analyzing Markets, Marketing Internationally, Export and Import Practices, Human Resource Management, Financial Management, Global Operations Management: The Third Industrial Revolution, Strategic Planning and Organization Design and Control of the Firm.
700 1 _aBall Don
_91003
700 1 _aMcculloch Wendell
_91004
942 _cBK
999 _c744
_d744